Universiti Kebangsaan Malaysia : taman minda di laman ilmu

Bibliographic Details
Corporate Author: Universiti Kebangsaan Malaysia
Format: Book
Published: Bangi, Selangor : Penerbit Universiti Kebangsaan Malaysia, , 2005
Subjects:

MARC

LEADER 00000cam a2200000 7i4500
001 0000003572
005 20070809.0
020 0 0 |a 967942703X 
090 0 0 |a 779.378   |b UKM 
245 1 0 |a Universiti Kebangsaan Malaysia :   |b taman minda di laman ilmu 
260 0 0 |a Bangi, Selangor :   |b Penerbit Universiti Kebangsaan Malaysia, ,   |c 2005 
300 |a 158ms. :   |b gf. wrn. ;   |c 31cm. 
500 0 0 |a Mengandungi indeks 
610 2 0 |a Universiti Kebangsaan Malaysia 
650 0 0 |a Landscape plants \v Pictorial works 
710 2 1 |a Universiti Kebangsaan Malaysia 
999 |a 0000007146   |b Monograph   |c Open Shelf   |e Default branch